00938cam a2200253 a 450000100100000000500170001000800410002704000290006808200230009710000400012024500390016025000110019926000420021030000270025249000530027950000330033265000280036565000420039383000630043591000330049804900090053195201270054099900170066700001976320200929170130.0820312s1951 sp 000 f spa d aDO-SdBNPbspacLCdBNPHU a863.6bL579d, 19510 aLeón, Ricardo.d1877-1943.94165910aDesperta ferro! /cRicardo León. a2a ed. aBuenos Aires :bEspasa-Calpe ,c1951. a148, [11] p. ;c18 cm.1 aAustral. Azul: novelas y cuentos en generalv391 aIncluye índice de autores. 4aNovela española91123 4aLiteratura españolaySIGLO XX93326 0aAustral ;pAzul: novelas y cuentos en general.v391922386 aCatalogación derivada / LC aBNGR 001054708MOaGRbGRcCTd2010-07-05iLF1l0o863.6 L579d, 1951p19763-10r2020-06-25w2020-06-25y4ZPréstamo en sala c19277d19277